| 000 | 00815cam a2200301 4500 | ||
|---|---|---|---|
| 008 | 090401t1997 xxu||||| |||| 00| 0 eng d | ||
| 020 | _a0750636564 | ||
| 035 | _a(Sirsi) u79543 | ||
| 041 | _aeng | ||
| 050 | _a338.4369 | ||
| 100 | _aHarvey, Roger C. | ||
| 245 | 4 | _aThe construction industry of Great Britain. | |
| 250 | _a2nd ed. | ||
| 260 |
_aOxford _bButterworth-Heinemann _c1997 |
||
| 300 | _axii,322p. ; 24cm. | ||
| 350 | _a18.99 | ||
| 650 | _aBUILDING CAPITAL | ||
| 650 | _aBUILDING INVESTMENT | ||
| 650 | _aBUILDING MANAGEMENT | ||
| 650 | _aBUILT ENVIRONMENT-BUILDING MATERIALS | ||
| 650 | _aBUILDING PROCUREMENT | ||
| 650 | _aCONSTRUCTION FIRMS | ||
| 650 | _aCONSTRUCTION INDUSTRY | ||
| 690 | _aBUILT ENVIRONMENT | ||
| 700 | _aAshworth, Allan | ||
| 942 | _n0 | ||
| 948 | _c10/07/1997 | ||
| 999 |
_c96554 _d96554 |
||